Thème cube
Uloženo v:
| Hlavní autor: | |
|---|---|
| Další autoři: | , |
| Médium: | Kniha |
| Jazyk: | francouzština |
| Vydáno: |
Poitiers, Francia
Université de Poitiers
1978
|
| Témata: | |
| Tagy: |
Přidat tag
Žádné tagy, Buďte první, kdo vytvoří štítek k tomuto záznamu!
|
MARC
| LEADER | 00000nam a2200000 a 4500 | ||
|---|---|---|---|
| 001 | UCP3758 | ||
| 003 | CL-VaPUC | ||
| 005 | 20250220102704.0 | ||
| 008 | 990702e19781000FR |||||||||||||||||fre|d | ||
| 999 | |c 281955 |d 281953 | ||
| 040 | |c Pontificia Universidad Católica de Valparaíso | ||
| 082 | 0 | 4 | |a 516.15 BOU 1978 |2 21 |
| 100 | 0 | |a Boudarel, Madeleine |9 431139 | |
| 245 | 1 | 0 | |a Thème cube |
| 260 | 0 | 3 | |a Poitiers, Francia |b Université de Poitiers |c 1978 |
| 300 | |a 34 páginas | ||
| 583 | |a last modification |c 19990702 00:00:00 |k Rodrigo Vera | ||
| 650 | 0 | |a Matemáticas |x Enseñanza |9 875527 | |
| 650 | 0 | |a Geometría |9 264063 | |
| 650 | 0 | |a Figuras geométricas |9 347994 | |
| 650 | 7 | |a MATERIALES DIDACTICOS |2 CL-VaPUC |9 431143 | |
| 700 | 0 | |a Cartron, Jeannine |9 431140 | |
| 700 | 0 | |a Feyssaguet, Claude |9 431141 | |
| 942 | |c BK |2 ddc | ||
| 945 | |d 19990702 00:00:00 |a crobeson | ||
| 952 | |0 0 |1 0 |2 ddc |4 0 |6 516_150000000000000_BOU_1978 |7 0 |8 A |9 323127 |a BIBMAT |b BIBMAT |d 2019-11-20 |i 1351869 |o 516.15 BOU 1978 |p 1351869 |r 2025-01-07 |t 1 |w 2019-11-20 |y BK |k MAT | ||